| 000 | 01007nam a2200229 u 4500 | ||
|---|---|---|---|
| 001 | 000393343 | ||
| 003 | AM-YeHGA | ||
| 005 | 20250618072339.0 | ||
| 008 | 041208s1987 ||||||||||||||||||| rus d | ||
| 040 | _aAM-YeHGA | ||
| 041 | 0 | _arus | |
| 100 | 0 |
_aԽնկո Ապեր, _d1870-1935 |
|
| 245 | 1 | 0 |
_aПетух и крыша : _bСтихи, басни, сказки / _cА.Хнкоян; Сост. В. Хнкоян; Пер. М. Саакян и др.; Предисл. Х. Гюльназаряна; Рис. С. Сафяна. |
| 260 |
_aЕреван : _bАревик, _c1987. |
||
| 300 |
_a64 с. : _bил. ; _c26 см. |
||
| 650 | 1 | 4 | _aАрмянская детская литература |
| 700 | 1 |
_aХнкоян, Ваге _eсост. _4com |
|
| 700 | 1 |
_aСаакян, М. _eпер. _4trl |
|
| 700 | 1 |
_aԳյուլնազարյան, Խաժակ Մեսրոպի, _d1918-1995 _eпредисл. _4aui _91927 |
|
| 700 | 1 |
_aՍաֆյան, Սպարտակ Գևորգի, _d1929-2001 _eхудож. _4art _94028 |
|
| 090 | _c150570 | ||
| 999 |
_c149181 _d149181 |
||